Bioelektronnyj effekt

Guardado en:
Detalles Bibliográficos
Autor principal: Kulin, Jevgenij Trofimovič (Autor)
Formato: Libro
Lenguaje:ruso
Publicado: Minsk : Nauka i technika, 1980
Etiquetas: Agregar Etiqueta
Sin Etiquetas, Sea el primero en etiquetar este registro!

MARC

LEADER 00000nam a22000003a 4500
001 stu141681
005 20150617225925.2
008 070523s1980------------------------rus-d
040 |a STU  |b slo 
041 0 |a rus 
080 |a 577.3  |7 stu_us_auth*stu7323 
100 1 |a Kulin, Jevgenij Trofimovič  |4 aut 
245 1 |a Bioelektronnyj effekt 
260 |a Minsk :  |b Nauka i technika,  |c 1980 
300 |a 215 s 
996 |b E46169  |c E*46169  |l EE05  |s P  |a 0  |w stu141681_0001